000 003810000a22001450004500
041 0 _aSPA
082 0 4 _aG 920 T864c
100 1 _aTroyat, Henri
245 1 0 _aCatalina la grande / Henri Troyat ; Aníbal Leal, Traductor
260 _aBogotá, Colombia : Círculo de Lectores
300 _a400 Pag
500 _aTitulo original : Catherine La grande
001 11286
942 _cBK
999 _c40632
_d40632